| 000 | 01073nam a22002897a 4500 | ||
|---|---|---|---|
| 003 | EG-ScBUE | ||
| 005 | 20220405115715.0 | ||
| 008 | 101107s1994 ua f 000 0 eng d | ||
| 020 | _a9774243277 | ||
| 040 |
_aEG-ScBUE _beng _erda _cEG-ScBUE _dEG-ScBUE |
||
| 082 | 0 | 4 |
_a892.709006 _bVIE _222 |
| 245 | 0 | 4 |
_aThe view from within : _bwriters and critics on contemporary Arabic literature / _cedited by J. Ghazoul and Barbara Harlow. |
| 264 | 1 |
_aCairo : _bThe American University in Cairo Press, _c1994. |
|
| 300 |
_a295 pages ; _c23 cm |
||
| 336 |
_2rdacontent _atext _btxt |
||
| 337 |
_2rdamedia _aunmediated _bn |
||
| 338 |
_2rdacarrier _avolume _bnc |
||
| 500 | _a"A selection from Alif: journal of comparative poetics." | ||
| 650 | 7 |
_921010 _aArabic literature _xHistory and criticism. _y1801- _2BUEsh |
|
| 650 | 7 |
_921011 _aCreation (Literary, artistic, etc.) _2BUEsh |
|
| 651 | _2BUEsh | ||
| 653 |
_bHHUUEENN _cApril2022 |
||
| 655 |
_vReading book _934232 |
||
| 700 | 1 |
_921008 _aGhazoul, Ferial J., _eEditor |
|
| 700 | 1 |
_921009 _aHarlow, Barbara, _eEditor |
|
| 942 |
_2ddc _cBB |
||
| 999 |
_c14818 _d14818 |
||